[Event "1st Cyprus Chess Tournament 2019"]
[Site "Larnaca"]
[Date "2019.10.31"]
[Round "7.9"]
[White "Kochergin, Sergey"]
[Black "Grapsa, Georgia"]
[Result "1-0"]
[WhiteElo "2224"]
[BlackElo "2026"]
[Annotator "TA"]
[PlyCount "39"]
[EventDate "2019.10.25"]
[EventType "swiss"]
[EventCountry "CYP"]
[SourceTitle "playchess.com"]
[Source "ChessBase"]
[SourceQuality "1"]

{[%evp 17,121,45,48,35,39,40,32,32,43,30,46,55,150,154,157,156,154,139,138,129,114,120,79,0,0,0,0,0,126,0,26,0,0,-29,-45,-70,-61,-68,113,-65,-56,-132,-137,-129,-125,-217,-216,-210,-214,-212,-196,-258,-257,-247,-240,-285,-277,-293,-297,-339,-313,-410,-393,-364,-263,-229,-146,-441,-441,-441,-434,-419,-349,-339,-224,-212,-152,-131,0,0,0,0,0,0,0,0,0,0,0,0,0,0,0,0,0,0,0,0,0,0,259,259,29967,29968,4626,4622]} 1. d4 Nf6 2. c4 e6 3. Nf3 Bb4+ 4. Bd2 Qe7 5. g3 Nc6 6. Bg2 O-O 7. O-O Bxd2 8. Qxd2 d6 9. Nc3 a5 10. e4 {E11: Bogo-Indian} (10. d5 Nb4 11. e4 e5 12. a3 Na6 13. b4 Bd7 14. Rab1 axb4 15. axb4 Rfd8 16. Ne1 c6 17. dxc6 bxc6 18. Nc2 Be6 19. Ne3 Rab8 20. b5 cxb5 21. cxb5 {1-0 (43) Vidit,S (2707)-Gupta,S (2359) Xingtai 2019}) 10... e5 11. h3 Bd7 12. Rfe1 {White is slightly better.} Rfe8 13. Rad1 exd4 $146 ({Predecessor:} 13... Nxd4 14. Nxd4 exd4 15. Qxd4 Qe5 16. Qe3 Bc6 {½-½ (16) Sergeev,V (2405)-Kislov,M (2370) Polanica Zdroj 1993}) 14. Nxd4 Qe5 (14... Nxd4 $14 15. Qxd4 Bc6) 15. Ndb5 $1 $16 {[%cal Rb5c7]} Rec8 16. Nd5 Ne8 17. f4 Qh5 18. g4 Qh4 19. e5 dxe5 20. fxe5 {Played: Nd5xc7} 1-0

[Event "1st Cyprus Chess Tournament 2019"]
[Site "Larnaca"]
[Date "2019.10.31"]
[Round "7.10"]
[White "Borsuk, Angela"]
[Black "Isaakidis, Alexandros"]
[Result "1-0"]
[WhiteElo "2090"]
[BlackElo "2219"]
[Annotator "TA"]
[PlyCount "99"]
[EventDate "2019.10.25"]
[EventType "swiss"]
[EventCountry "CYP"]
[SourceTitle "playchess.com"]
[Source "ChessBase"]
[SourceQuality "1"]

{[%evp 9,99,41,45,40,33,10,27,29,28,27,18,0,22,0,22,-23,-13,-16,-13,-24,-2,-34,-27,-41,-35,-70,-76,-77,-53,-57,-63,-66,-50,-60,-54,-58,-54,-54,-42,-37,-16,-41,-51,-70,-11,-16,-15,-14,-12,-10,0,-40,-12,0,0,0,0,-10,412,421,761,757,765,765,1018,1006,2283,2219,2131,1952,29967,29970,29971,29966,29973,6215,29976,29977,29977,29977,29978,29979,29979,29980,29985,29986,29987,29986,29988,29989,29989,29990]} 1. d4 Nf6 2. Nf3 c5 3. d5 b5 4. Bg5 Qb6 5. c3 Ne4 6. Bf4 {A43: Schmid Benoni} Bb7 7. Qd3 Nf6 $146 ({Predecessor:} 7... f5 8. e3 a6 9. Nbd2 c4 10. Qd4 Qxd4 11. Nxd4 Bxd5 12. Nxf5 Nc6 13. Nxe4 Bxe4 {1-0 (30) Almeida Quintana,O (2501)-Antoli Royo,J (2379) Barcelona 2007}) 8. e4 {White has an edge.} e6 9. dxe6 fxe6 10. Qxb5 Nxe4 11. Na3 Bd6 12. Qxb6 (12. Bg3 {feels hotter.} Bxg3 13. hxg3 O-O 14. Bd3 h6 15. O-O) 12... axb6 13. Bxd6 Nxd6 14. Be2 Nc6 15. O-O Ke7 16. Nd2 Ba6 17. c4 Nd4 18. Bd3 Bb7 19. Rfe1 h6 20. Nc2 N6f5 21. a3 Nxc2 22. Bxc2 Nd4 23. Bd3 Kf7 24. Re3 Bc6 25. Rae1 Rhb8 26. f4 d6 (26... b5 $15 27. cxb5 Bxb5) 27. Ne4 $11 Bxe4 28. Bxe4 Ra7 29. Bd3 Rc7 30. Re4 Rd7 31. Kf2 d5 32. Re5 b5 33. f5 Rb6 $2 {[%mdl 8192] [#]} ({Don't blunder} 33... bxc4 $2 34. fxe6+ Nxe6 35. Bf5 $18) (33... exf5 $11 {and Black is okay.} 34. cxd5 (34. Bxf5 Rd6 $17) 34... g6) 34. fxe6+ $18 Rxe6 (34... Nxe6 $142 35. cxb5 Nd4) 35. Rxe6 Nxe6 {[%mdl 4096] Endgame KRB-KRN} 36. Bf5 Rd6 37. Bxe6+ Rxe6 38. Rxe6 Kxe6 39. cxb5 {KP-KP} g5 40. b3 Kd6 41. a4 Kc7 42. a5 (42. g4 $142 Kb6 43. Ke3 Ka7 44. a5 Kb7 45. Kd2 Kc8 46. Kc3 Kc7 47. b4 d4+ 48. Kd3 cxb4 49. Kxd4) 42... Kb7 43. Ke3 {White mates.} Kc7 44. Kd3 Kb7 45. Kc3 Kc7 46. b4 {[%cal Bb3b4,Bb4b5][%mdl 32]} c4 47. b6+ Kc6 {[#]} 48. b5+ $1 {[%mdl 512]} Kb7 (48... Kxb5 49. b7) 49. g4 Kb8 50. a6 {Accuracy: White = 43%, Black = 34%.} 1-0

[Event "1st Cyprus Chess Tournament 2019"]
[Site "Larnaca"]
[Date "2019.10.31"]
[Round "7.11"]
[White "Florentiades, Michalis"]
[Black "Tsyn, Igor"]
[Result "1/2-1/2"]
[WhiteElo "2019"]
[BlackElo "2129"]
[Annotator "TA"]
[PlyCount "146"]
[EventDate "2019.10.25"]
[EventType "swiss"]
[EventCountry "CYP"]
[SourceTitle "playchess.com"]
[Source "ChessBase"]
[SourceQuality "1"]

{[%evp 9,145,-4,0,-3,16,18,7,8,10,15,45,-7,-7,0,-8,0,-7,-9,0,0,0,0,7,0,0,0,0,0,0,-6,10,2,11,0,10,0,0,0,0,0,0,-5,0,-22,-21,-7,-8,-11,-34,-52,0,-6,0,-13,-16,-14,-6,-6,-8,-66,-29,-29,0,-29,0,0,0,0,0,-8,-8,-8,0,0,0,0,0,0,0,-8,0,0,0,0,0,0,0,0,0,0,0,0,0,0,0,0,0,0,0,0,0,0,0,0,0,0,0,0,0,0,0,0,0,0,0,0,0,0,0,0,0,0,0,0,0,-8,0,0,0,0,0,0,0,0,0,0,0,0]} 1. d4 Nf6 2. Bf4 d5 3. e3 g6 4. Nc3 Bg7 5. h4 h5 6. Nf3 {D00: 1 d4 d5: Unusual lines} Bf5 7. Ne5 c6 8. Qd2 Nbd7 9. f3 Nh7 $146 ({Predecessor:} 9... a5 10. O-O-O a4 11. a3 {1-0 (47) Naiditsch,A (2701)-Sammed Jaykumar,S (2337) New Delhi 2018}) 10. O-O-O (10. e4 $14 dxe4 11. fxe4) 10... Nxe5 $11 11. Bxe5 Bxe5 12. dxe5 Nf8 13. Bd3 Bxd3 14. Qxd3 Qc7 15. e4 e6 16. exd5 exd5 17. f4 O-O-O 18. Ne2 Ne6 19. g3 Ng7 20. Nd4 Rhe8 21. Qa3 Kb8 22. Qc5 Qe7 23. Qxe7 Rxe7 24. b4 Nf5 25. Rd3 Kc7 26. Rhd1 Nxd4 27. Rxd4 {[%mdl 4096] Endgame KRR-KRR} Kd7 28. Kd2 Ke6 29. Ke3 Rc8 (29... f6 $15) 30. Kf3 b5 31. R4d3 a5 32. a3 axb4 33. axb4 Ra7 34. g4 (34. Rb1 $11) 34... hxg4+ 35. Kxg4 Ra2 36. R1d2 (36. Rc3 {is interesting.} Rb2 37. Rc5 Kd7 38. c3 Rg2+ 39. Kf3) 36... Rb2 37. c3 {The position is equal.} Rxd2 (37... Rb3 {keeps more tension.} 38. Ra2 Rb1 39. Rg3 Rd1 40. Ra6 Rd2) 38. Rxd2 {KR-KR} Ra8 39. Rc2 Ra1 {Hoping for ...Rg1+.} 40. Rg2 $1 Rc1 41. Rg3 Rc2 42. Kg5 Rf2 43. Kg4 $1 Rf1 44. Kg5 Rf2 45. Kg4 $1 f6 46. exf6 Kxf6 47. Re3 Rc2 48. Kg3 d4 49. cxd4 Rc4 50. d5 cxd5 51. Re5 Rxb4 52. Rxd5 Rb1 53. Kf3 b4 54. Rd6+ Kf5 55. Rd5+ Ke6 56. Rg5 Kf6 57. Rb5 b3 58. Rb6+ Kg7 59. Ke3 Rh1 60. Kd2 Rxh4 (60... Rh3 {is more complex.} 61. Ke2 b2 62. Kd2 Rxh4 63. Kd3 Rh2) 61. Rxb3 Rxf4 62. Ke3 Rf6 (62... g5 {with more complications.} 63. Rb6 Kf7 64. Ra6 Ke7 65. Ra8 Rf5) 63. Rb7+ Kh6 64. Rb5 g5 {[#] And now ...Kh5 would win.} 65. Rb1 $1 Rf4 (65... Kh5 $5 66. Rh1+ $8 Kg6 $11) 66. Rh1+ Kg6 67. Rh3 Kf5 {next ...Kg4 is good for Black.} (67... Ra4 {looks sharper.} 68. Rh1 Ra3+ 69. Kf2 Kf5 70. Rc1 Kg4) 68. Rf3 Kg4 69. Rxf4+ gxf4+ 70. Kf2 f3 71. Kf1 Kg3 {[#] ( -> ...f2)} 72. Kg1 f2+ 73. Kf1 Kf3 {Accuracy: White = 62%, Black = 57%.} 1/2-1/2

[Event "1st Cyprus Chess Tournament 2019"]
[Site "Larnaca"]
[Date "2019.10.31"]
[Round "7.12"]
[White "Gerasimenyuk, Mikhail"]
[Black "Stefanidi, Maria-Anna"]
[Result "1/2-1/2"]
[WhiteElo "2113"]
[BlackElo "2012"]
[Annotator "TA"]
[PlyCount "74"]
[EventDate "2019.10.25"]
[EventType "swiss"]
[EventCountry "CYP"]
[SourceTitle "playchess.com"]
[Source "ChessBase"]
[SourceQuality "1"]

{[%evp 13,74,0,0,0,0,0,0,-4,9,0,0,0,7,-27,-28,-33,-38,-31,55,0,0,0,101,89,117,-97,56,52,52,49,58,57,97,119,97,8,9,12,13,14,12,25,75,85,67,23,23,23,23,23,95,96,96,96,96,16,16,16,16,16,16,16,16]} 1. d4 Nf6 2. Nf3 e6 3. Bg5 d5 4. e3 Be7 5. Bd3 O-O 6. Nbd2 {[%cal Bb1d2,Bd2f3,Bf3e5][%mdl 32]} b6 7. c3 c5 8. h4 {D03: 1 d4 d5 2 Nf3 Nf6 3 Bg5, including Torre Attack with early ...d5} (8. Qe2 Bb7 9. Ne5 Nbd7 10. O-O Ne4 11. Bxe7 Qxe7 12. Nxd7 Qxd7 13. Nxe4 dxe4 14. Bb5 Qe7 15. dxc5 Qxc5 16. Rfd1 a6 17. Ba4 b5 18. Bb3 a5 19. a3 b4 20. axb4 axb4 21. Rxa8 Rxa8 22. cxb4 Qxb4 {1-0 (62) Salgado Lopez,I (2629)-Esipenko,A (2593) St Petersburg 2018}) 8... Nbd7 9. Ne5 Bb7 10. Ndf3 Ne4 $146 ({Predecessor:} 10... g6 11. Bh6 Re8 12. h5 Ne4 13. hxg6 Nxe5 14. gxh7+ Kh8 15. Nxe5 Nd6 16. Bb5 Bf6 17. Bxe8 Qxe8 18. Qf3 Bxe5 19. dxe5 Ne4 20. Qg4 {1-0 (20) Flinois,P (1999)-Legrand,P (1917) Bethune 2005}) 11. Nxd7 Qxd7 12. Ne5 Qc7 13. f3 {And now Bxe7 would win.} f6 {Strongly threatening ...cxd4.} 14. fxe4 fxe5 15. Qg4 Bxg5 (15... exd4 $15 16. Qxe6+ Kh8 17. Bxe7 Rae8) 16. Qxe6+ (16. hxg5 $14 c4 17. Rxh7 $1 {[%mdl 512]}) 16... Qf7 $11 17. Qxf7+ Rxf7 (17... Kxf7 $11 {remains equal.} 18. hxg5 exd4) 18. hxg5 $16 {Hoping for exd5.} exd4 19. e5 $2 (19. exd5 $16 g6 20. e4 (20. cxd4 Bxd5 21. e4 Re8 $11) (20. exd4 Re8+ 21. Kd1 Bxd5 $15)) 19... g6 $2 (19... dxe3 $17 20. Bxh7+ Kf8) 20. cxd4 $14 cxd4 21. exd4 Rf4 22. Rc1 $1 {[%cal Rc1c7]} Rc8 23. Ke2 $1 Rxd4 {[#]} 24. Rxc8+ ({White should play} 24. e6 $1 $16) 24... Bxc8 $16 {[%mdl 4096] Endgame KRB-KRB} 25. Rc1 Bg4+ 26. Ke3 Rb4 $1 27. b3 a5 {[#]} 28. Rf1 $1 a4 29. Rf4 (29. Rf6 {feels hotter.} axb3 30. axb3 Bf5 31. Bxf5 gxf5 32. Rxf5 Re4+ 33. Kf3) 29... Rxf4 30. Kxf4 axb3 31. axb3 $11 {KB-KB} Bd7 (31... Bd1 $11) 32. Ke3 $16 Kf7 33. Kd4 Ke6 34. b4 (34. Ba6 $16) 34... Ba4 $11 {The position is equal.} 35. Be2 {Bg4+ is the strong threat.} Bb3 $1 36. Bg4+ Ke7 37. Bc8 Bc4 {Accuracy: White = 52%, Black = 47%.} 1/2-1/2

[Event "1st Cyprus Chess Tournament 2019"]
[Site "Larnaca"]
[Date "2019.11.01"]
[Round "8.1"]
[White "Kazakouski, Valery"]
[Black "Sumets, Andrey"]
[Result "1/2-1/2"]
[WhiteElo "2474"]
[BlackElo "2570"]
[Annotator "RC"]
[PlyCount "34"]
[EventDate "2019.10.25"]
[EventType "swiss"]
[EventCountry "CYP"]
[SourceTitle "playchess.com"]
[Source "ChessBase"]
[SourceQuality "1"]
[TimeControl "5400+30"]

1. d4 {[%emt 0:00:00]} Nf6 {[%emt 0:00:00]} 2. Nf3 {[%emt 0:00:00]} d5 {[%emt 0:00:00]} 3. c4 {[%emt 0:00:06]} e6 {[%emt 0:00:00]} 4. g3 {[%emt 0:00:10]} Bb4+ {[%emt 0:00:27]} 5. Bd2 {[%emt 0:00:10]} Be7 {[%emt 0:00:05]} 6. Bg2 {[%emt 0:00:08]} O-O {[%emt 0:00:09]} 7. O-O {[%emt 0:00:09]} c6 {[%emt 0:00:06]} 8. Qc2 {[%emt 0:00:08]} Nbd7 {[%emt 0:00:43]} 9. a4 {[%emt 0:00:07]} Ne4 {[%emt 0:00:46]} 10. a5 {[%emt 0:00:14]} a6 {[%emt 0:00:57]} 11. Nc3 {[%emt 0:01:53]} Nxd2 {[%emt 0:05:08]} 12. Nxd2 {[%emt 0:01:17]} f5 {[%emt 0:01:35]} 13. Rfb1 {[%emt 0:07:55]} Nf6 {[%emt 0:02:01]} 14. b4 {[%emt 0:01:52]} Bd6 {[%emt 0:05:36]} 15. Na4 {[%emt 0:04:38]} Bc7 {[%emt 0:08:40]} 16. e3 {[%emt 0:14:06]} Ne4 {[%emt 0:01:12]} 17. f4 {[%emt 0:06:26]} Nd6 {[%emt 0:05:25]} 1/2-1/2

[Event "1st Cyprus Chess Tournament 2019"]
[Site "Larnaca"]
[Date "2019.11.01"]
[Round "8.2"]
[White "Gleizerov, Evgeny"]
[Black "Tilicheev, Viacheslav"]
[Result "0-1"]
[WhiteElo "2512"]
[BlackElo "2478"]
[Annotator "TA"]
[PlyCount "82"]
[EventDate "2019.10.25"]
[EventType "swiss"]
[EventCountry "CYP"]
[SourceTitle "playchess.com"]
[Source "ChessBase"]
[SourceQuality "1"]

{[%evp 18,82,14,9,26,24,43,7,14,10,12,10,7,5,10,11,21,0,0,0,0,0,14,-78,-56,-104,-99,-110,-110,-101,-105,-106,-106,-99,-122,-223,-203,-191,-161,-306,-307,-300,-304,-288,-285,-293,-233,-239,-233,-322,-315,-336,-328,-332,-332,-326,-325,-308,-279,-382,-375,-1338,-1292,-1280,-1260,-796,-774]} 1. d4 Nf6 2. c4 e6 3. g3 c5 4. d5 exd5 5. cxd5 d6 6. Nc3 g6 7. Nf3 Bg7 8. Bg2 O-O 9. O-O Re8 10. Bf4 Bf5 {A62: Modern Benoni: Fianchetto Variation without early ...Nbd7} (10... a6 11. a4 h6 12. Qc1 g5 13. Bd2 Bf5 14. h4 g4 15. Ne1 Kh7 16. Nc2 Bg6 17. Ne3 Nbd7 18. a5 Ne5 19. Ra4 h5 {½-½ (66) Donchenko,A (2593)-Caruana,F (2828) chess.com INT 2019}) 11. Nh4 Bg4 12. Re1 Nh5 {The position is equal.} 13. Bd2 {[#]} Na6 $146 ({Predecessor:} 13... Qc8 14. Qb3 Bxc3 15. Qxc3 Bxe2 16. Bh6 Nd7 17. Rxe2 Rxe2 18. Bf3 {1-0 (33) Yuffa,D (2521)-Oparin,G (2607) Moscow 2018}) 14. h3 Bd7 15. e4 b5 16. a3 c4 17. Nf5 Bxf5 18. exf5 Rxe1+ 19. Qxe1 Nc5 20. Bf1 (20. Be3 $11 {remains equal.}) 20... Nb3 21. Rb1 Qd7 $1 ({Much weaker is} 21... gxf5 $6 22. Be2 $11) 22. g4 Re8 $36 {[%mdl 2048] Black is really pushing.} 23. Qd1 Nf6 $1 24. fxg6 hxg6 25. Bg2 a5 26. Ne2 (26. a4 $17 {might work better.} bxa4 27. Bf4) 26... Ne4 $1 $19 {[%cal Re4d2]} 27. Be3 Qe7 {Strongly threatening ...Nxf2!} 28. Kf1 (28. Bxe4 {keeps fighting.} Qxe4 29. Ng3) 28... Bf6 29. Bxe4 Qxe4 30. Ng3 Qe5 31. Qf3 Bg5 {[%cal Rg5e3]} 32. Re1 {[#]} c3 $1 33. bxc3 Qxc3 {...Nd2+ is the strong threat.} 34. Qe2 Bxe3 35. Qxb5 {[#]} Re5 $1 36. Rxe3 Rxe3 37. fxe3 Qxe3 38. Qb8+ Kh7 39. Qxd6 $2 (39. Ne4) 39... Nd2+ {Black is clearly winning.} 40. Kg2 Qf3+ 41. Kg1 {[#]} Nc4 $1 {[%csl LRa3,LRd6][%mdl 576] Double Attack. Accuracy: White = 40%, Black = 83%.} 0-1

[Event "1st Cyprus Chess Tournament 2019"]
[Site "Larnaca"]
[Date "2019.11.01"]
[Round "8.3"]
[White "Arkell, Keith C"]
[Black "Ulybin, Mikhail"]
[Result "1-0"]
[WhiteElo "2447"]
[BlackElo "2455"]
[Annotator "TA"]
[PlyCount "113"]
[EventDate "2019.10.25"]
[EventType "swiss"]
[EventCountry "CYP"]
[SourceTitle "playchess.com"]
[Source "ChessBase"]
[SourceQuality "1"]

{[%evp 22,113,38,0,5,0,14,0,0,-6,-6,-32,-25,-27,10,0,0,0,0,-89,-79,-72,-76,-89,-80,-116,-107,-127,-119,-123,-20,-21,-34,-34,-22,-20,-13,-27,-17,-17,-33,-43,10,10,10,-371,10,9,10,0,80,80,87,22,22,22,24,6,6,6,8,0,13,0,15,17,85,8,1057,1034,1009,1002,994,979,962,962,712,647,961,863,12842,1182,1182,992,12841,12840,10787,9551,10318,9276,8011,8011,4570,4570]} 1. d4 e6 2. c4 Nf6 3. Nf3 c5 4. d5 exd5 5. cxd5 d6 6. Nc3 g6 7. g3 Bg7 8. Bg2 O-O 9. O-O a6 10. a4 Nbd7 11. Bf4 Qe7 12. Qd2 Ng4 {A63: Modern Benoni: Fianchetto Variation: 9...Nbd7} 13. b3 (13. Rfe1 Rb8 14. a5 b5 15. axb6 Nxb6 16. Qd3 Nd7 17. Bg5 f6 18. Bc1 Nde5 19. Qd1 Re8 20. e4 Nxf3+ 21. Bxf3 {½-½ (51) Troff,K (2457)-Vajda,L (2594) Budapest 2013}) 13... Rb8 14. h3 $146 ({Predecessor:} 14. Rfe1 Re8 15. Rab1 Nge5 16. Bh6 Bh8 17. h3 b5 18. axb5 axb5 19. b4 Nc4 20. Qc1 {0-1 (33) Radashkovich,I (2445)-Marovic,D (2485) Beersheba 1976}) 14... Nge5 {The position is equal.} 15. Nxe5 (15. Rfe1 {is more complex.} Re8 16. a5 b5 17. axb6 Rxb6 18. Rab1) 15... Nxe5 16. Bh6 Bxh6 17. Qxh6 b5 18. axb5 axb5 19. b4 cxb4 20. Na2 (20. Ne4 $11) 20... b3 $17 21. Nb4 Qc7 22. Qd2 Bf5 23. e4 {[#]} Bxh3 $1 {[%mdl 512]} 24. Na6 {[#]} (24. Bxh3 Nf3+) 24... Bxg2 $1 {[%mdl 512]} 25. Kxg2 Qc2 (25... Nc4 $17 26. Qd3 Qe7 27. Nxb8 Rxb8) 26. Qxc2 $11 bxc2 27. Nxb8 Rxb8 {[%mdl 4096] Endgame KRR-KRN} 28. Rfc1 $1 {[%cal Rc1c2]} Rc8 29. Ra3 $1 (29. Ra2 $2 Nd3 $19) 29... b4 30. Rb3 Rc4 31. f3 f5 (31... h5 $15) 32. exf5 gxf5 33. Kf2 $2 {[%mdl 8192] [#]} (33. Kf1 $11 {and White stays safe.}) 33... Kg7 $2 ({Better is} 33... Nd7 $1 $19 {[%cal Rd7c5] Strongly threatening ...Nc5.} 34. Rb2 Nc5 35. Rbxc2 Rxc2+ 36. Rxc2 b3) 34. Ke2 Kf6 35. f4 Ng4 (35... Nd7 $11 36. Rb2 Re4+ 37. Kf1 Nc5 38. Rcxc2 b3) 36. Kd3 $16 Rc5 37. Kd4 (37. Rxc2 $16 Rxd5+ 38. Ke2) 37... Kg6 $11 38. Rxb4 {Threatens to win with Rb6.} Nf6 39. Rc4 Rxd5+ 40. Ke3 Rb5 41. Rd4 Ne4 42. Rd3 Kh5 43. Rxc2 Kg4 (43... Nxg3 $11 {remains equal.} 44. Rh2+ (44. Rxd6 Kg4 $14) 44... Kg4 45. Rxh7 Nh5) 44. Rh2 (44. Rc7 $16 {And now Rg7+ would win.} h5 45. Rg7+ Kh3 46. Kd4) 44... Rb7 $2 {[%mdl 8192]} (44... h5 $11) 45. Kd4 $18 {[%csl Gg3][%cal Rh2h4] White is clearly winning.} Rb4+ 46. Kd5 {[%csl Gg3][%cal Rh2h4]} Nxg3 47. Rg2 Kxf4 48. Rgxg3 {[%csl Gg3][%cal Rd3f3]} Rb5+ 49. Ke6 Re5+ 50. Kf6 h5 51. Rdf3+ (51. Rh3 $142 Ke4 52. Rde3+ Kf4 53. Rc3) 51... Ke4 52. Ra3 Kf4 53. Rh3 {[%cal Rh3h4]} Kg4 54. Rag3+ Kf4 55. Rg1 Re8 56. Rh4+ Kf3 57. Kxf5 {Accuracy: White = 44%, Black = 39%.} 1-0

[Event "1st Cyprus Chess Tournament 2019"]
[Site "Larnaca"]
[Date "2019.11.01"]
[Round "8.4"]
[White "Mirzoev, Azer"]
[Black "Kotronias, Vasilios"]
[Result "0-1"]
[WhiteElo "2472"]
[BlackElo "2486"]
[Annotator "TA"]
[PlyCount "64"]
[EventDate "2019.10.25"]
[EventType "swiss"]
[EventCountry "CYP"]
[SourceTitle "playchess.com"]
[Source "ChessBase"]
[SourceQuality "1"]

{[%evp 19,100,-20,0,0,7,0,9,9,18,28,29,32,60,36,50,41,44,30,48,39,52,-12,-7,-30,0,-14,7,-21,-6,-52,-52,-59,-52,-71,-52,-54,-59,-170,-141,-174,-70,-73,-65,-63,-54,-124,0,0,0,0,0,0,0,0,0,0,0,0,45,14,47,39,233,0,0,0,0,-430,-415,-402,0,0,0,0,0,0,0,0,0,-5327,-1763,-29989,-29990]} 1. c4 Nf6 2. Nc3 g6 3. g3 Bg7 4. Bg2 O-O 5. Nf3 d6 6. O-O e5 7. d3 Re8 8. Bg5 h6 9. Bxf6 Bxf6 10. Rb1 Bg7 11. b4 {[%cal Bb2b4,Bb4b5][%mdl 32] A24: English Opening vs King's Indian: Lines without ...Nc6} (11. e4 Nc6 12. b4 Be6 13. a4 a5 14. b5 Nb8 15. Qd2 Nd7 16. Qc2 Nc5 17. Nd2 Nd7 18. Nb3 c6 {0-1 (56) Kelmendi,A (2115)-Saraci,N (2402) Pristina 2018}) 11... f5 {Strongly threatening ...e4.} 12. Qc2 Nd7 13. Nd2 {The position is equal.} Nf6 14. b5 h5 $146 ({Predecessor:} 14... Rb8 15. Rfc1 Bd7 16. Nd5 c6 17. bxc6 bxc6 18. Rxb8 Qxb8 {1-0 (42) Prodileanu,A (2204)-Deac,B (1795) Sarata Monteoru 2012}) 15. a4 {[%cal Ba2a4,Ba4a5,Ba5a6][%mdl 32]} h4 16. Nd5 Rb8 17. a5 Be6 18. a6 hxg3 19. hxg3 Nxd5 20. cxd5 (20. Bxd5 $14 Bxd5 21. cxd5) 20... Bd7 $11 21. Rfe1 b6 22. e3 Bf6 23. Rec1 Rc8 24. Rb4 Re7 25. Bf3 Rh7 26. Kg2 Qe8 27. Qb1 g5 28. g4 {[#]} ({Better is} 28. Kf1 $15) 28... e4 $1 $19 {[%cal Re4f3][%mdl 512]} 29. Be2 {[%cal Rd3e4]} (29. dxe4 fxg4) 29... Qe5 (29... fxg4 30. Rxe4 Qh5 31. Rh1 $15) (29... Kg7 $19 30. d4 Qg6) 30. Nf1 $1 $15 Kg7 (30... Qxd5 31. dxe4 Qe5 32. gxf5 $16 (32. exf5 c6 $16)) 31. Ng3 Rch8 $1 32. Nh5+ (32. Rg1 $1 $15) 32... Kf8 {Played: Kg7-g6} 0-1

[Event "1st Cyprus Chess Tournament 2019"]
[Site "Larnaca"]
[Date "2019.11.01"]
[Round "8.5"]
[White "Kochergin, Sergey"]
[Black "Terentiev, Sergei"]
[Result "0-1"]
[WhiteElo "2224"]
[BlackElo "2285"]
[Annotator "TA"]
[PlyCount "92"]
[EventDate "2019.10.25"]
[EventType "swiss"]
[EventCountry "CYP"]
[SourceTitle "playchess.com"]
[Source "ChessBase"]
[SourceQuality "1"]

{[%evp 9,120,62,60,57,62,61,73,68,80,67,124,117,154,120,132,83,120,116,133,124,151,110,117,86,138,147,137,97,135,106,166,160,155,157,164,100,125,127,116,13,84,87,93,75,95,91,92,68,80,47,43,19,50,37,50,28,27,0,8,8,208,37,88,88,79,0,0,0,0,-106,-106,-83,-89,-109,-112,-106,-106,-190,-184,-237,-236,-275,-214,-233,-115,-115,0,-206,-62,-231,-229,-331,-339,-2175,-1541,-29977,-29978,-29980,-29981,-29981,-5097,-29982,-29979,-29979,-29980,-29980,-29981,-29981,-29982,-29982,-29983,-29983,-29984]} 1. d4 b5 2. e4 Bb7 3. Nd2 a6 4. Ngf3 e6 5. Bd3 c5 6. c3 {A40: Unusual replies to 1 d4} cxd4 (6... d6 7. O-O Nd7 8. Qe2 Be7 9. b3 Ngf6 10. a4 {1-0 (60) Becskei,Z (2389)-Fernandez,D (2380) Kecskemet 2014}) 7. cxd4 d5 $146 ({Predecessor:} 7... Nc6 8. O-O d6 9. a3 Nf6 10. b4 Be7 11. Bb2 O-O 12. Rc1 {1-0 (58) Danilenko,D (1650)-Mar,K (2026) Cheliabinsk 2019}) 8. e5 {White is better.} Ne7 9. O-O Ng6 ({Black should try} 9... Nec6 $14) 10. Nb3 $16 Nd7 11. Bg5 Be7 12. Bxe7 Qxe7 13. Na5 {Threatens to win with Bxg6.} Nb6 14. b3 O-O 15. Qd2 Rfc8 16. h4 h6 (16... Rab8 $142) 17. Bxg6 fxg6 18. Qd3 Kf7 19. Qe3 Bc6 (19... Rab8 $16 {was worth a try.}) 20. Rfc1 $18 Be8 21. Rc5 Nd7 22. Nb7 (22. Nc6 $6 Qf8 $16) (22. Rxc8 $18 Rxc8 23. Nb7) 22... Nxc5 $16 23. Nd6+ Kg8 24. dxc5 ({White has to play} 24. Nxc8 $16 Rxc8 25. Rc1 {[%mdl 64] Pin}) 24... Rc7 (24... d4 $1 $11 25. Nxc8 (25. Qxd4 Rc7 $14) 25... Rxc8 26. Nxd4 Rxc5) 25. Rc1 $1 {[%mdl 1024] White has strong compensation.} b4 26. Qf4 a5 27. Nd4 Kh7 28. Qg4 Bd7 29. Rc2 a4 30. c6 axb3 31. axb3 Be8 32. g3 Ra6 {[%cal Re8c6]} 33. Qe2 Rb6 34. Qd3 Kg8 $2 ({Much worse is} 34... Bxc6 $6 35. h5 $18) (34... Rcxc6 $11 35. Nxc6 Rxc6) 35. Rc5 $2 (35. Ra2 $1 $18 {[%cal Ra2a8]} Rb8 36. Qa6) 35... Rbxc6 $14 36. Nxc6 Rxc6 37. Rxc6 (37. Qb5 $1 $16 Rxc5 38. Qxc5) 37... Bxc6 $11 38. Qxg6 d4 39. Qg4 (39. Qc2 $11 {keeps the balance.} Bd5 40. Kf1) 39... d3 $17 40. Qd4 ({Avoid the trap} 40. Qxb4 $2 Qa7 $1 $19 {[%mdl 512]}) 40... Bd5 41. Qxd3 Qa7 {Strongly threatening ...Qa1+.} 42. Ne4 Qa1+ 43. Kh2 (43. Kg2 $17 {was necessary.}) 43... Qxe5 $19 44. f3 (44. Nd2 $142) 44... Qb2+ {[%mdl 64] Double Attack} 45. Nd2 Qc3 46. Qe2 Bxb3 {Played: Qc3-c2} 0-1